Normal view
MARC view
- Chase, Eddie (Fictitious character)
Entry Topical Term
001 - CONTROL NUMBER
- control field: 40186
003 - CONTROL NUMBER IDENTIFIER
- control field: OSt
005 - DATE AND TIME OF LATEST TRANSACTION
- control field: 20160615111759.0
008 - FIXED-LENGTH DATA ELEMENTS
- fixed length control field: 160615|| aca||babn | a|a d
040 ## - CATALOGING SOURCE
- Original cataloging agency: OSt
150 ## - HEADING--TOPICAL TERM
- Topical term or geographic name as entry element: Chase, Eddie (Fictitious character)
- Form subdivision: Fiction